| 000 | 00808nam a22001815i 4500 | ||
|---|---|---|---|
| 001 | 162363 | ||
| 003 | ES-MaACL | ||
| 005 | 20230906212515.0 | ||
| 008 | 951113s1893 fr |||| | fre d | ||
| 040 |
_aAS _bspa _cCCPB | SIC |
||
| 100 | 1 |
_aPoincaré, Henri. _992751 |
|
| 245 | 1 | 0 |
_aThéorie des Tourbillons _b: leçons professées pendant le deuxième semestre 1891-92 / _cpar H. Poincaré ; redigées par M. Lamotte. |
| 260 |
_aParis : _bGeorges Carré, _c1893 ( _eTours : _fImprimerie Deslis Frères) |
||
| 300 |
_a211 p. : _bil. ; _c25 cm. |
||
| 596 | _aEn banderilla consta : "Paris : Gauthier-Villars,... " | ||
| 700 | 1 |
_aLamotte, Marcel. _9128633 |
|
| 852 |
_aES-MaACL _jG-5854 _z-- Enc. hol., conservando la cub. original _z-- Banderilla en pie de imp.: Paris : Gauthier-Villars, imprimeur-libraire |
||
| 999 |
_c162363 _d162363 |
||